| 000 | 00464nam a2200169Ia 4500 | ||
|---|---|---|---|
| 003 | GCL | ||
| 008 | 140319s9999 xx 000 0 eng d | ||
| 040 |
_aGCL / _cGCL |
||
| 082 | 0 | 4 |
_a005.73 _bJ L |
| 100 | 1 | _aRUSSELL, INGRID | |
| 245 | 1 | 0 |
_aLABORATORIES FOR A SEACOND COURSE IN COMPUTER SCIENCE / _cRUSSELL, INGRID |
| 700 | 1 | _aJAMISON, BEVENLY | |
| 260 |
_a[S.N] : _bPWS PUBLISHING COMPANY ، _c1993 |
||
| 300 | _a159 PP | ||
| 650 | 0 | 4 | _aPASCAL |
| 942 |
_2ddc _cBK |
||
| 999 |
_c12131 _d12131 |
||